| 000 | 00514nam a22001337a 4500 | ||
|---|---|---|---|
| 005 | 20241221092027.0 | ||
| 008 | 241002b |||||||| |||| 00| 0 eng d | ||
| 100 |
_aCerillo, Sahlee B. _eauthor. _962016 |
||
| 245 |
_aEffective social marketing strategies of school head in K+12 program / _cSahlee B. Cerillo. |
||
| 260 |
_aPhilippines; _bPublishers Association of the Philippines, Inc., _cDecember 2018. |
||
| 300 | _aVolume 66, pages 261-262. | ||
| 700 |
_aCerillo, Sahlee B. _eauthor. _962018 |
||
| 942 |
_2ddc _cPER |
||
| 999 |
_c22110 _d22110 |
||